Les 100 plus gros succès au box office mondial - Statistiques

Statistiques générales
  • Ce quiz a été pris 1 631 fois
    645 depuis la dernière actualisation
  • Le résultat moyen est 46 sur 100
Statistiques - réponses
Réponse Recettes en millions % Correct
Avatar 2923 $
95%
Avatar : La Voie de l'Eau 2320 $
95%
Avengers 1520 $
89%
Avengers : Endgame 2799 $
89%
Avengers : Infinity War 2052 $
89%
Avengers : L'Ere d'Ultron 1405 $
89%
Titanic 2264 $
88%
Rogue One : Star Wars Story 1058 $
80%
Spider-Man (2002) 821 $
80%
Spider-Man 3 890 $
80%
Spider-Man : Far From Home 1131 $
80%
Spider-Man : Homecoming 880 $
80%
Spider-Man : No Way Home 1921 $
80%
Star Wars : La Menace Fantome 1027 $
80%
Star Wars : La Revanche des Sith 848 $
80%
Star Wars : Le Réveil de la Force 2071 $
80%
Star Wars : Les Derniers Jedi 1334 $
80%
Star Wars : The Rise of Skywalker 1077 $
80%
Harry Potter à l'école des sorciers 1024 $
73%
Harry Potter et la chambre des secrets 878 $
73%
Harry Potter et la Coupe de Feu 896 $
73%
Harry Potter et le Prince de Sang-Mélé 934 $
73%
Harry Potter et le Prisonnier d'Azkaban 797 $
73%
Harry Potter et les Reliques de la Mort : Deuxième Partie 1342 $
73%
Harry Potter et les Reliques de la Mort : Première Partie 960 $
73%
Iron Man 3 1215 $
73%
The Dark Knight : Le Chevalier Noir 1004 $
70%
The Dark Knight Rises 1081 $
70%
Batman v Superman : L'aube de la Justice 873 $
69%
Captain America : Civil War 1155 $
65%
Le Seigneur des Anneaux : La Communauté de l'Anneau 871 $
62%
Le Seigneur des Anneaux : Le Retour du Roi 1147 $
62%
Le Seigneur des Anneaux : Les Deux Tours 926 $
62%
La Reine des Neiges 1284 $
58%
La Reine des Neiges 2 1453 $
58%
Barbie 1434 $
57%
Le Roi Lion (1994) 968 $
56%
Le Roi Lion (2019) 1663 $
56%
Thor : Ragnarok 853 $
55%
Fast and Furious 7 1515 $
53%
Fast and Furious 8 1236 $
53%
Oppenheimer 939 $
52%
Toy Story 3 1067 $
47%
Toy Story 4 1073 $
47%
Jurassic Park 1113 $
44%
Inception 825 $
43%
Le Hobbit : La Bataille des Cinq Armées 956 $
41%
Le Hobbit : La Désolation de Smaug 958 $
41%
Le Hobbit : Un Voyage Inattendu 1021 $
41%
Black Panther 1349 $
38%
Black Panther : Wakanda Forever 859 $
38%
Joker 1078 $
37%
Jurassic World 1671 $
36%
Les Gardiens de la Galaxie vol 2 863 $
36%
Pirates des Caraibes : Jusqu'au bout du monde 963 $
36%
Pirates des Caraibes : La Fontaine de Jouvence 1046 $
36%
Pirates des Caraibes : La Vengeance de Salazar 793 $
36%
Pirates des Caraibes : Le Secret du Coffre Maudit 1066 $
36%
Jurassic World : Fallen Kingdom 1310 $
35%
Jurassic World : Le Monde d'Après 1002 $
35%
Les Gardiens de la Galaxie 3 845 $
35%
Skyfall 1142 $
34%
007 Spectre 880 $
33%
Shrek 2 919 $
31%
Shrek le troisième 798 $
31%
Hunger Games : L'Embrasement 864 $
30%
Aquaman 1152 $
29%
Super Mario Bros (2023) 1360 $
29%
Top Gun : Maverick 1495 $
29%
Transformers : La Face Cachée de la Lune 1123 $
28%
Transformers : L'Age de l'Extinction 1104 $
28%
Transformers : La Revanche 836 $
28%
Vice Versa 857 $
27%
Captain Marvel 1131 $
26%
Doctor Strange : In the Multiverse of Madness 955 $
26%
Le Monde de Nemo 940 $
23%
Les Indestructibles 2 1243 $
22%
Wonder Woman 821 $
22%
Zootopie 1025 $
22%
Moi Moche et Méchant 2 970 $
21%
Moi Moche et Méchant 3 1034 $
21%
Coco 807 $
20%
La Belle et la Bete (2017) 1266 $
20%
Les Minions 1159 $
20%
Les Minions 2 939 $
20%
Aladdin (2019) 1054 $
19%
Matrix : Révolutions 907 $
18%
Le Livre de la jungle (2016) 966 $
15%
Jumanji : Bienvenue dans la jungle 961 $
14%
Les Animaux Fantastiques 814 $
14%
Alice au Pays des Merveilles (2010) 1025 $
13%
L'Age de Glace : La Dérive des continents 877 $
13%
L'Age de Glace : Le Temps des Dinosaures 887 $
13%
Le Monde de Dory 1029 $
13%
Twilight : Révélation : Deuxième Partie 829 $
12%
Venom 855 $
11%
Bohemian Rhapsody 903 $
7%
Comme des betes 875 $
6%
Independence Day 817 $
5%
Wolf Warrior 2 870 $
3%
Aucun quiz correspondant
Distribution des résultats
% des personnes avec chaque résultat
Percentile par nombre de réponses
Votre historique - résultats
Vous n’avez pas pris ce quiz depuis la dernière actualisation